header

Media, policy and interaction (Record no. 41888)

MARC details
000 -LEADER
fixed length control field 01439nam a2200373Ia 4500
082 04 - DEWEY DECIMAL CLASSIFICATION NUMBER
Classification number 302.23
245 00 - TITLE STATEMENT
Title Media, policy and interaction
260 ## - PUBLICATION, DISTRIBUTION, ETC. (IMPRINT)
Place of publication Burlington, VT :
Name of publisher Ashgate,
Year of publication 2010.
300 ## - PHYSICAL DESCRIPTION
Number of Pages xv, 229 p. :
Other physical details ill.
650 #0 - SUBJECT ADDED ENTRY--TOPICAL TERM
Topical Term Mass media
Topical Term Mass media
Topical Term Mass media policy.
Topical Term Communication in politics.
Topical Term Discourse analysis.
Topical Term Mass media
700 1# - ADDED ENTRY--PERSONAL NAME
Personal name Fitzgerald, Richard.
Personal name Housley, William,
856 40 - ELECTRONIC LOCATION AND ACCESS
Uniform Resource Identifier http://site.ebrary.com/lib/rucke/Doc?id=10350130

No items available.

© 2026 Rongo University
Contact us: librarian | system librarian | Rongo university